01186nam a2200325 u 450000500170000000700030001700800410002002000180006102000150007904000350009404100080012908200220013710000480015924500330020724600360024026400400027630000250031633600270034133700330036833800280040149000210042952100380045054500580048865000460054665000450059265000530063765000540069065000580074465100580080220220317002029.0ta201110s2019 ck ||||er|||| 00| 0dspa d a9789584276575 a9584276573 aCO-BoRNBPbspaerdacCO-BoRNBP0 aspa04a079.861bS15m2221 aSamper Nieto, María Elvirad1954-eautora10a1989 cMaría Elvira Samper30aMil novecientos ochenta y nueve 1aBogotá bPlaneta Colombianac2019 a285 páginasc23 cm 2rdacontentatextobtxt 2rdamediaasin mediaciónbn 2rdacarrieravolumenbnc0 aMemoria Colombia aRecomendado para público adulto aIncluye datos biográficos de la autora en la solapa17aCrónicas colombianasvColecciones2LEMB17aPeriodismo colombianovColecciones2LEMB17aViolenciaxInvestigacioneszColombiay19892LEMB17aTerrorismoxInvestigacioneszColombiay19892LEMB17aNarcotráficoxInvestigacioneszColombiay19892LEMB 4aColombiaxCondiciones socialesxInvestigacionesy1989